| 000 | 00566nam a22001937a 4500 | ||
|---|---|---|---|
| 003 | 0 | ||
| 005 | 20250324105223.0 | ||
| 008 | 250324b xxu||||| |||| 00| 0 eng d | ||
| 020 | _a978-0-357-98849-7 | ||
| 050 |
_aHF 5635 _b.Ow97 2025 |
||
| 100 | _aOwen, Glenn | ||
| 245 |
_aQuickbooks online for accounting _cGlenn Owen |
||
| 250 | _aEight edition | ||
| 260 |
_aMason, Ohio _bCengage Learning, Inc., _c2025 |
||
| 300 |
_axxi, 326 pages ; _c28cm. |
||
| 504 | _aIncludes index and appendices. | ||
| 650 | _aQuickbooks, Accounting for, | ||
| 942 |
_2lcc _cBK |
||
| 999 |
_c367319 _d367319 |
||